000 00823nam a2200253Ia 4500
003 OSt
005 20221005104534.0
006 a|||||r|||| 00| 0
007 ta
008 221004b |||||||| |||| 00| 0 hin d
024 _a109708
037 _cTextual
040 _aCRL
_cCRL
_bhin
041 _2hin
_ahin
082 _aO152,2x, N0
100 _aचौहान, शिवदानसिंह, संपा.
245 0 _aयुग - छाया
246 _aYug - chhāyā
260 _aदिल्ली
_bराजकमल प्रकाशन भारत
_c1990
300 _a159पृ0
_ccm.
650 _aहिन्दी साहित्य
942 _hO152,2x, N0
_cTEXL
_2cc
999 _c1013027
_d1013027